000 00305nam a2200121Ia 4500
008 191201s2013 xx 000 0 und d
100 _aBHURCHANDI, K M and RAY, A K
245 0 _aAdvanced Microprocessor and Peripherals
260 _bTMH
_c2013
300 _a692
650 _aB.Tech(ECE)
942 _2ddc
_cBK
999 _c6908
_d6908